00376nam a2200145Ia 4500008004100000020001500041041001200056082001600068100001400084245008200098250000800180260002500188300000900213650000800222221030s9999 xx 000 0 und d a0070530440 aEnglish a105.23bFra aS. Franco 0aDesign with Operational Amplifiers & Analog Integrated Circuitscby S. Franco a3rd bTMHaNew Delhic2002 a2002 aECE